[Event "Youth Classic 2018 Juniors Open U18"]
[Site "Bad Soden-Neuenhain, Bürgerhau"]
[Date "2018.10.03"]
[Round "8.3"]
[White "Vakulenko, Oleksandr"]
[Black "Hagner, Bennet"]
[Result "1-0"]
[WhiteElo "1999"]
[BlackElo "1992"]
[PlyCount "79"]
[EventDate "2018.??.??"]
[WhiteTeam "Gambit Kiew"]
[BlackTeam "Frankfurter TV"]

1. e4 c6 2. d4 d5 3. e5 c5 4. dxc5 Nc6 5. Bb5 e6 6. Be3 Nh6 7. c3 Nf5 8. Bd4
Qg5 9. Kf1 h5 10. Nf3 Qg4 11. h3 Qg6 12. Na3 h4 13. Nc2 Bd7 14. Bd3 Be7 15. b4
Rc8 16. Qe2 Bd8 17. a4 Nce7 18. Nd2 Qh6 19. c4 Qf4 20. Nf3 Qh6 21. Bb2 O-O 22.
Bc1 Qh7 23. Kg1 Bc6 24. cxd5 Nxd5 25. Bd2 b6 26. b5 Ba8 27. c6 Be7 28. Ncd4 Bc5
29. Qe4 Bxd4 30. Nxd4 g6 31. Kh2 Nde7 32. Nxf5 Nxf5 33. Bg5 Rc7 34. Be2 Rd7 35.
Rhd1 Rxd1 36. Rxd1 Qg7 37. Rd7 Rc8 38. Bg4 Qf8 39. Bxf5 exf5 40. Qxh4 1-0

[Event "Youth Classic 2018 Juniors Open U18"]
[Site "Bad Soden-Neuenhain, Bürgerhau"]
[Date "2018.10.03"]
[Round "8.4"]
[White "Lange, Lars"]
[Black "Gallasch, Robin"]
[Result "1-0"]
[WhiteElo "1848"]
[BlackElo "1822"]
[PlyCount "59"]
[EventDate "2018.??.??"]
[WhiteTeam "Sfr. Kelkheim"]
[BlackTeam "SG Porz"]

1. d4 Nf6 2. c4 c5 3. d5 e6 4. Nc3 exd5 5. cxd5 d6 6. e4 g6 7. Nf3 Bg7 8. h3
O-O 9. Bd3 b5 10. Nxb5 Re8 11. O-O Nxe4 12. Re1 Nf6 13. Rxe8+ Nxe8 14. Bg5 Qb6
15. Qe2 Bd7 16. Re1 Na6 17. Nd2 Nac7 18. Nxc7 Qxc7 19. Qe7 Bf8 20. Qe2 Bg7 21.
Qf3 f6 22. Bf4 Rb8 23. Nc4 Bb5 24. Re6 Bxc4 25. Bxc4 Kf7 26. Qg3 Rxb2 27. Bxd6
Nxd6 28. Rxd6 Rb1+ 29. Kh2 f5 30. Rf6+ 1-0

[Event "Youth Classic 2018 Juniors Open U18"]
[Site "Bad Soden-Neuenhain, Bürgerhau"]
[Date "2018.10.03"]
[Round "8.5"]
[White "Bajorski, Marius"]
[Black "Reichel, Björn"]
[Result "1/2-1/2"]
[WhiteElo "2083"]
[BlackElo "1484"]
[PlyCount "98"]
[EventDate "2018.??.??"]
[WhiteTeam "SV Hofheim"]
[BlackTeam "SV Ginsheim"]

1. e4 c5 2. Nf3 d6 3. Bb5+ Nd7 4. O-O a6 5. Bd3 e5 6. a4 Ngf6 7. c3 Be7 8. Na3
O-O 9. Re1 Re8 10. Nc2 Nf8 11. h3 h6 12. Ne3 Be6 13. Qc2 Rc8 14. Bc4 Bxc4 15.
Nxc4 b5 16. Ne3 Ne6 17. d3 Nf4 18. Nf5 Ne6 19. Qb3 Qb6 20. Be3 Qb7 21. axb5
axb5 22. Ra5 Rb8 23. Nd2 Bf8 24. Rea1 c4 25. dxc4 Nxe4 26. Rxb5 Nxd2 27. Bxd2
Nc5 28. Qb4 Qc7 29. b3 Ra8 30. Raa5 Rxa5 31. Qxa5 Qxa5 32. Rxa5 Nxb3 33. Rd5
Nxd2 34. Rxd2 g6 35. Nxd6 Bxd6 36. Rxd6 Rc8 37. Rd1 Rxc4 38. Rc1 f5 39. Kf1 Kf7
40. Ke2 e4 41. Ke3 Kf6 42. f3 g5 43. fxe4 fxe4 44. Kd2 Ke5 45. Rf1 h5 46. g4
hxg4 47. hxg4 e3+ 48. Kxe3 Rxg4 49. Kf3 Rf4+ 1/2-1/2

[Event "Youth Classic 2018 Juniors Open U18"]
[Site "Bad Soden-Neuenhain, Bürgerhau"]
[Date "2018.10.03"]
[Round "8.6"]
[White "Karl, Florian"]
[Black "Stobbe, Frederik"]
[Result "1/2-1/2"]
[WhiteElo "1608"]
[BlackElo "1863"]
[PlyCount "45"]
[EventDate "2018.??.??"]
[WhiteTeam "SK Langen"]
[BlackTeam "SC Bad Soden"]

1. d4 Nf6 2. c4 g6 3. Nc3 Bg7 4. Bg5 d6 5. Nf3 h6 6. Bh4 g5 7. Bg3 Nh5 8. e4
Nxg3 9. hxg3 Nd7 10. Be2 c5 11. d5 a6 12. O-O O-O 13. Qc2 Ne5 14. Nxe5 Bxe5 15.
f4 Bd4+ 16. Kh1 g4 17. f5 Kh7 18. Bxg4 Rg8 19. Bh5 f6 20. Rf3 Bd7 21. Ne2 Be5
22. Nf4 Bxf4 23. gxf4 1/2-1/2

[Event "Youth Classic 2018 Juniors Open U18"]
[Site "Bad Soden-Neuenhain, Bürgerhau"]
[Date "2018.10.03"]
[Round "8.7"]
[White "Gertel, Josef"]
[Black "Lassek, Bjarne"]
[Result "1/2-1/2"]
[WhiteElo "1291"]
[BlackElo "1120"]
[PlyCount "49"]
[EventDate "2018.??.??"]
[WhiteTeam "SC Frankfurt-West"]
[BlackTeam "SC Nied"]

1. e4 e5 2. g3 d5 3. Bg2 dxe4 4. Bxe4 Nf6 5. Bg2 Bc5 6. Ne2 Nc6 7. O-O Bg4 8.
h3 Be6 9. c3 Qd7 10. Kh2 O-O-O 11. f4 e4 12. Qc2 h5 13. Bxe4 Bxh3 14. d4 Bxf1
15. Bf5 Ng4+ 16. Kg1 Bxd4+ 17. cxd4 Bxe2 18. Bxd7+ Rxd7 19. Qxe2 Nxd4 20. Qd1
Re8 21. Nc3 Ne2+ 22. Qxe2 Rxe2 23. Nxe2 Re7 24. Kf1 Nh2+ 25. Kf2 1/2-1/2

[Event "Youth Classic 2018 Juniors Open U18"]
[Site "Bad Soden-Neuenhain, Bürgerhau"]
[Date "2018.10.03"]
[Round "8.8"]
[White "Hegmann, Kolja"]
[Black "Schubert, Ansgar"]
[Result "1-0"]
[WhiteElo "1614"]
[BlackElo "1116"]
[PlyCount "49"]
[EventDate "2018.??.??"]
[WhiteTeam "TuS Makkabi"]
[BlackTeam "SC Bad Soden"]

1. e4 e5 2. Nf3 Nc6 3. d4 exd4 4. Nxd4 Bc5 5. Be3 Nf6 6. Nxc6 Bb4+ 7. Nxb4 Nxe4
8. Bd3 Qe7 9. Nd5 Qe5 10. Nbc3 Nxc3 11. Nxc3 d5 12. Bb5+ c6 13. Qxd5 Qxd5 14.
Nxd5 Kd8 15. Bg5+ f6 16. Bxc6 fxg5 17. Ba4 Bd7 18. Bxd7 Kxd7 19. O-O-O Rad8 20.
Rhe1 Kc6 21. Ne7+ Kc7 22. Nf5 Rhf8 23. Re7+ Kb8 24. Rxd8+ Rxd8 25. Nxg7 1-0

[Event "Youth Classic 2018 Juniors Open U18"]
[Site "Bad Soden-Neuenhain, Bürgerhau"]
[Date "2018.10.03"]
[Round "8.9"]
[White "Rakhletskyy, Bohdan"]
[Black "Le, Tung Lam"]
[Result "0-1"]
[WhiteElo "796"]
[BlackElo "1371"]
[PlyCount "68"]
[EventDate "2018.??.??"]
[WhiteTeam "SC Nied"]
[BlackTeam "SC Nied"]

1. e4 c5 2. Bc4 e6 3. d3 d5 4. exd5 exd5 5. Bb3 Nf6 6. Nc3 Be7 7. Nf3 O-O 8.
O-O Nc6 9. Be3 d4 10. Bd2 dxc3 11. Bxc3 Bg4 12. h3 Bxf3 13. Qxf3 Rc8 14. a3 b6
15. Ba4 Nd4 16. Qb7 Rc7 17. Qa6 Qd5 18. Bb3 Nxb3 19. cxb3 Qg5 20. Rad1 Bd6 21.
Bd2 Bf4 22. Bc3 Re8 23. b4 Nd5 24. Qa4 Rce7 25. Be1 Bd6 26. Bd2 Nf4 27. Qc6
Nxh3+ 28. Kh1 Qe5 29. g3 Qd4 30. Be3 Qf6 31. Qg2 Ng5 32. Bd2 Nf3 33. Bc3 Qh6+
34. Qh3 Qxh3# 0-1

[Event "Youth Classic 2018 Juniors Open U18"]
[Site "Bad Soden-Neuenhain, Bürgerhau"]
[Date "2018.10.03"]
[Round "8.10"]
[White "Wagner, Valerian"]
[Black "Badan, Tarkan"]
[Result "0-1"]
[WhiteElo "773"]
[BlackElo "1112"]
[PlyCount "60"]
[EventDate "2018.??.??"]
[WhiteTeam "SC Bad Soden"]
[BlackTeam "Frankfurter TV"]

1. e4 e5 2. Nf3 Nc6 3. Bc4 Nf6 4. Nc3 Nxe4 5. Nxe4 d5 6. Bb3 dxe4 7. Ng1 Bc5 8.
d3 exd3 9. cxd3 O-O 10. Nf3 Bf5 11. Bc2 Nd4 12. Nxd4 Qxd4 13. Be3 Qb4+ 14. Qd2
Qxb2 15. Qd1 Qc3+ 16. Bd2 Qd4 17. Be3 Qd5 18. Bxc5 Qxc5 19. Qd2 Rad8 20. Qe3
Qc3+ 21. Qd2 Qxa1+ 22. Qd1 Qxa2 23. O-O c5 24. Qe2 Rfe8 25. Bb1 Qxe2 26. h3
Bxd3 27. Bxd3 Rxd3 28. Ra1 Rd2 29. Rxa7 Qxf2+ 30. Kh2 Qxg2# 0-1

[Event "Youth Classic 2018 Juniors Open U18"]
[Site "Bad Soden-Neuenhain, Bürgerhau"]
[Date "2018.10.03"]
[Round "8.11"]
[White "Buchholz, Jan"]
[Black "Edelmann, Viktor"]
[Result "1-0"]
[WhiteElo "994"]
[BlackElo "1399"]
[PlyCount "83"]
[EventDate "2018.??.??"]
[WhiteTeam "SK Langen"]
[BlackTeam "SC Frankfurt-West"]

1. d4 d5 2. Nc3 Nf6 3. Nf3 Nc6 4. Bg5 e6 5. e3 h6 6. Bf4 g5 7. Bg3 Bb4 8. Bd3
Qe7 9. O-O Bd7 10. Nb5 Bd6 11. Nxd6+ cxd6 12. Re1 O-O-O 13. c4 Nb4 14. cxd5
Nxd3 15. Qxd3 Nxd5 16. Rac1+ Nc7 17. d5 Kb8 18. dxe6 Bxe6 19. Red1 Rd7 20. Bxd6
Qe8 21. Bxc7+ Rxc7 22. Qd6 Qc8 23. Qg3 Re8 24. Rc3 Ree7 25. Rdc1 Bxa2 26. Nd4
a6 27. h3 Bd5 28. Nf5 Qxf5 29. Rxc7 Rxc7 30. Qxc7+ Ka7 31. Qc5+ b6 32. Qe7+ Bb7
33. Rc7 Qd5 34. f3 f5 35. Rd7 Qc6 36. Rc7 Qd5 37. e4 Qd1+ 38. Kh2 Qh1+ 39. Kxh1
fxe4 40. Rxb7+ Ka8 41. Ra7+ Kb8 42. Qb7# 1-0

[Event "Youth Classic 2018 Juniors Open U18"]
[Site "Bad Soden-Neuenhain, Bürgerhau"]
[Date "2018.10.03"]
[Round "9.2"]
[White "Deppe, Leo Max"]
[Black "Hagner, Bennet"]
[Result "1/2-1/2"]
[WhiteElo "1895"]
[BlackElo "1992"]
[PlyCount "95"]
[EventDate "2018.??.??"]
[WhiteTeam "SC Bad Soden"]
[BlackTeam "Frankfurter TV"]

1. d4 Nf6 2. c4 c5 3. d5 b5 4. cxb5 a6 5. bxa6 g6 6. Nc3 Bxa6 7. e4 Bxf1 8.
Kxf1 d6 9. Nf3 Bg7 10. g3 O-O 11. Kg2 Na6 12. a4 Qa5 13. Qe2 Rfb8 14. Rb1 Nd7
15. Bg5 Bxc3 16. bxc3 f6 17. Bd2 Qxa4 18. Ra1 Qb5 19. Qxb5 Rxb5 20. Rhb1 Rxb1
21. Rxb1 Rb8 22. Rxb8+ Naxb8 23. Kf1 Kf7 24. Ke2 e5 25. Kd3 Nb6 26. Be3 Ke8 27.
Nd2 Kd7 28. h4 Kc7 29. f4 N8d7 30. g4 exf4 31. Bxf4 c4+ 32. Nxc4 Nc5+ 33. Kd4
Nxc4 34. Kxc4 Nxe4 35. Kd4 Nf2 36. g5 f5 37. c4 Ne4 38. Bh2 Kb6 39. Bf4 Kc7 40.
Bh2 Kd8 41. Bf4 Kd7 42. Bh2 Nd2 43. Kd3 Nf3 44. Bg3 f4 45. Bxf4 Nxh4 46. Kc3
Nf5 47. Kb4 Ne7 48. Kb5 1/2-1/2

[Event "Youth Classic 2018 Juniors Open U18"]
[Site "Bad Soden-Neuenhain, Bürgerhau"]
[Date "2018.10.03"]
[Round "9.3"]
[White "Bajorski, Marius"]
[Black "Lange, Lars"]
[Result "1/2-1/2"]
[WhiteElo "2083"]
[BlackElo "1848"]
[PlyCount "36"]
[EventDate "2018.??.??"]
[WhiteTeam "SV Hofheim"]
[BlackTeam "Sfr. Kelkheim"]

1. d4 Nf6 2. Nc3 d5 3. Bf4 c5 4. e3 e6 5. Nb5 Na6 6. dxc5 Bxc5 7. c3 O-O 8. Nf3
Bd7 9. Qc2 Qb6 10. Nbd4 Rac8 11. Qb3 Nb8 12. Bxb8 Rxb8 13. Qxb6 Bxb6 14. Bb5 a6
15. Bxd7 Nxd7 16. Rd1 Rfd8 17. O-O Bc5 18. Rd2 Rbc8 1/2-1/2

[Event "Youth Classic 2018 Juniors Open U18"]
[Site "Bad Soden-Neuenhain, Bürgerhau"]
[Date "2018.10.03"]
[Round "9.4"]
[White "Iliev, Mustafa Batuhan"]
[Black "Karl, Florian"]
[Result "1-0"]
[WhiteElo "2046"]
[BlackElo "1608"]
[PlyCount "81"]
[EventDate "2018.??.??"]
[WhiteTeam "SV Großauheim"]
[BlackTeam "SK Langen"]

1. e4 c5 2. Nf3 Nc6 3. d4 cxd4 4. Nxd4 d6 5. Nc3 Bd7 6. Be3 g6 7. Be2 Bg7 8.
O-O Nf6 9. f3 O-O 10. Qd2 a6 11. a4 Rc8 12. Nxc6 Bxc6 13. a5 Nd7 14. Bd4 e5 15.
Be3 Nf6 16. Rfd1 Ne8 17. Nd5 Bxd5 18. exd5 f5 19. c4 Qd7 20. Rac1 Nf6 21. Bb6
e4 22. f4 Rfe8 23. Be3 h6 24. b4 Kh7 25. Rb1 Red8 26. b5 Rb8 27. Qa2 Rdc8 28.
Qa3 Ne8 29. bxa6 bxa6 30. Rb6 Rxb6 31. axb6 Qb7 32. Rd2 Ra8 33. Ra2 Bf8 34. Qa4
Nf6 35. Qc6 Rb8 36. Bd4 Nd7 37. Rxa6 Qxa6 38. Qxd7+ Kg8 39. Qe6+ Kh7 40. Qf7+
Bg7 41. Qxg7# 1-0

[Event "Youth Classic 2018 Juniors Open U18"]
[Site "Bad Soden-Neuenhain, Bürgerhau"]
[Date "2018.10.03"]
[Round "9.5"]
[White "Le, Tung Lam"]
[Black "Vakulenko, Oleksandr"]
[Result "0-1"]
[WhiteElo "1371"]
[BlackElo "1999"]
[PlyCount "55"]
[EventDate "2018.??.??"]
[WhiteTeam "SC Nied"]
[BlackTeam "Gambit Kiew"]

1. e4 e5 2. Nf3 Nc6 3. Bb5 a6 4. Ba4 Nf6 5. O-O Be7 6. Re1 b5 7. Bb3 d6 8. h3
Na5 9. c3 Nxb3 10. Qxb3 Bb7 11. d3 O-O 12. Be3 c5 13. Nbd2 Qc7 14. c4 Bc6 15.
Qc2 Qb7 16. b3 Ne8 17. Bg5 f6 18. Bh4 g5 19. Bg3 Ng7 20. Nf1 f5 21. N3d2 f4 22.
Bh2 h5 23. f3 Ne6 24. Reb1 Nd4 25. Qd1 b4 26. a3 a5 27. axb4 Qxb4 28. Ra4 0-1

[Event "Youth Classic 2018 Juniors Open U18"]
[Site "Bad Soden-Neuenhain, Bürgerhau"]
[Date "2018.10.03"]
[Round "9.6"]
[White "Gallasch, Robin"]
[Black "Stobbe, Frederik"]
[Result "0-1"]
[WhiteElo "1822"]
[BlackElo "1863"]
[PlyCount "90"]
[EventDate "2018.??.??"]
[WhiteTeam "SG Porz"]
[BlackTeam "SC Bad Soden"]

1. d4 Nf6 2. c4 g6 3. Nc3 Bg7 4. e4 d6 5. Nf3 O-O 6. h3 Nc6 7. Be2 e5 8. O-O
exd4 9. Nxd4 Nxd4 10. Qxd4 Nd7 11. Qd2 Nc5 12. Bf3 a5 13. Re1 a4 14. Qc2 Be6
15. Nd5 a3 16. Rb1 Bxd5 17. cxd5 axb2 18. Be3 b6 19. Qc4 Ra4 20. Qc2 Rxa2 21.
Bxc5 bxc5 22. Qb3 Qa8 23. e5 Bxe5 24. Rxe5 dxe5 25. d6 Qa3 26. Qxa3 Rxa3 27.
dxc7 Ra1 28. Be4 Rxb1+ 29. Bxb1 Rc8 30. Kf1 Rxc7 31. Ke2 Rd7 32. f4 exf4 33. h4
c4 34. h5 c3 35. hxg6 hxg6 36. g3 Rd2+ 37. Kf3 c2 38. Bxc2 Rxc2 39. g4 Rc4 40.
g5 b1=Q 41. Kg4 Qg1+ 42. Kf3 Qg3+ 43. Ke2 Rc2+ 44. Kd1 Qd3+ 45. Ke1 Qe2# 0-1

[Event "Youth Classic 2018 Juniors Open U18"]
[Site "Bad Soden-Neuenhain, Bürgerhau"]
[Date "2018.10.03"]
[Round "9.7"]
[White "Reichel, Björn"]
[Black "Badan, Tarkan"]
[Result "1-0"]
[WhiteElo "1484"]
[BlackElo "1112"]
[PlyCount "91"]
[EventDate "2018.??.??"]
[WhiteTeam "SV Ginsheim"]
[BlackTeam "Frankfurter TV"]

1. e4 e5 2. Nf3 Nc6 3. Bc4 Nf6 4. Ng5 d5 5. exd5 Na5 6. Bb5+ c6 7. dxc6 Nxc6 8.
d3 Be7 9. Nc3 O-O 10. Bxc6 bxc6 11. h3 Nd5 12. Qh5 h6 13. Nge4 Be6 14. O-O Bf6
15. Nxf6+ Nxf6 16. Ne4 Qe7 17. Nxf6+ Qxf6 18. Re1 Bf5 19. Bd2 Rfe8 20. Bc3 Rad8
21. f4 Rd5 22. Bxe5 Rdxe5 23. fxe5 Rxe5 24. Rxe5 Qxe5 25. Qf3 Qxb2 26. Rf1 Qb6+
27. Qf2 Be6 28. Qxb6 axb6 29. a3 b5 30. Rf4 g5 31. Rd4 f5 32. c4 bxc4 33. dxc4
c5 34. Rd6 Bxc4 35. Rc6 Kg7 36. Rxc5 Bd3 37. a4 Kg6 38. a5 Kh5 39. Rc6 g4 40.
hxg4+ fxg4 41. a6 Kg5 42. a7 Be4 43. a8=Q Bxc6 44. Qxc6 h5 45. g3 h4 46. Qd5+
1-0

[Event "Youth Classic 2018 Juniors Open U18"]
[Site "Bad Soden-Neuenhain, Bürgerhau"]
[Date "2018.10.03"]
[Round "9.8"]
[White "Lassek, Bjarne"]
[Black "Hegmann, Kolja"]
[Result "0-1"]
[WhiteElo "1120"]
[BlackElo "1614"]
[PlyCount "90"]
[EventDate "2018.??.??"]
[WhiteTeam "SC Nied"]
[BlackTeam "TuS Makkabi"]

1. d4 d5 2. c4 e6 3. Nc3 Bb4 4. a3 Bxc3+ 5. bxc3 Nf6 6. Bg5 O-O 7. Nf3 Re8 8.
e3 c6 9. Qb3 Nbd7 10. c5 e5 11. dxe5 Nxe5 12. Nxe5 Rxe5 13. Bf4 Re8 14. Bd3 d4
15. cxd4 Qxd4 16. O-O Qxc5 17. Rac1 Qe7 18. Rfd1 Be6 19. Qb2 Nd5 20. Bg3 Red8
21. h3 Rd7 22. Rc4 Nxe3 23. Bxh7+ Kxh7 24. Rxd7 Qxd7 25. Rh4+ Kg8 26. fxe3 b5
27. Be5 f6 28. Bxf6 Qd1+ 29. Kf2 Rf8 30. Rf4 Rxf6 31. Rxf6 gxf6 32. Qxf6 Qd2+
33. Kg3 Qxe3+ 34. Kh4 Qe1+ 35. Kh5 Bf7+ 36. Kh6 Qe3+ 37. Qg5+ Qxg5+ 38. Kxg5 c5
39. g4 b4 40. axb4 cxb4 41. Kh6 b3 42. h4 b2 43. h5 b1=Q 44. g5 Qb6+ 45. g6
Qe3# 0-1

[Event "Youth Classic 2018 Juniors Open U18"]
[Site "Bad Soden-Neuenhain, Bürgerhau"]
[Date "2018.10.03"]
[Round "9.9"]
[White "Rakhletskyy, Bohdan"]
[Black "Gertel, Josef"]
[Result "0-1"]
[WhiteElo "796"]
[BlackElo "1291"]
[PlyCount "64"]
[EventDate "2018.??.??"]
[WhiteTeam "SC Nied"]
[BlackTeam "SC Frankfurt-West"]

1. e4 e5 2. Nf3 Nc6 3. Bc4 h6 4. d3 Nf6 5. Nc3 Bb4 6. a3 Ba5 7. O-O Bxc3 8.
bxc3 O-O 9. d4 d6 10. Re1 Bg4 11. h3 Bh5 12. d5 Ne7 13. Be2 Nxe4 14. Nh4 Bxe2
15. Rxe2 Nf6 16. Rb1 b6 17. c4 g5 18. Nf3 Ng6 19. Rb5 Nd7 20. Be3 f5 21. Rb1 f4
22. Bc1 h5 23. Nh2 Nc5 24. c3 Qd7 25. Qc2 Kg7 26. Rb4 g4 27. hxg4 hxg4 28. f3
g3 29. Ng4 Rh8 30. a4 a5 31. Rb5 Rh7 32. Kf1 Rh1# 0-1

[Event "Youth Classic 2018 Juniors Open U18"]
[Site "Bad Soden-Neuenhain, Bürgerhau"]
[Date "2018.10.03"]
[Round "9.10"]
[White "Buchholz, Jan"]
[Black "Wagner, Valerian"]
[Result "1-0"]
[WhiteElo "994"]
[BlackElo "773"]
[PlyCount "81"]
[EventDate "2018.??.??"]
[WhiteTeam "SK Langen"]
[BlackTeam "SC Bad Soden"]

1. d4 d5 2. c4 dxc4 3. Nc3 Nf6 4. Nf3 Bf5 5. Bg5 Nc6 6. e3 e6 7. Bxc4 Bb4 8.
O-O O-O 9. d5 exd5 10. Nxd5 Bd6 11. Nd4 Nxd4 12. Qxd4 Be7 13. Qe5 Re8 14. Qxf5
c6 15. Nxe7+ Qxe7 16. Bxf6 Qxf6 17. Qxf6 gxf6 18. Rad1 Rad8 19. g3 Rxd1 20.
Rxd1 Re4 21. Bb3 b5 22. Rd7 a5 23. Bxf7+ Kf8 24. b3 a4 25. bxa4 bxa4 26. Bh5 c5
27. Rxh7 Rc4 28. Rc7 Rc2 29. Kg2 c4 30. Kf3 c3 31. h4 a3 32. Bf7 Rxa2 33. Bxa2
c2 34. Kf4 c1=Q 35. Rxc1 Ke7 36. Kf5 Kd6 37. Kxf6 Kd7 38. Ke5 Ke7 39. Rc7+ Kf8
40. Ke6 Ke8 41. Rc8# 1-0